[Event "Titled Tuesday intern op 16th Jan Early"]
[Site "Chess.com INT"]
[Date "2024.01.16"]
[Round "7"]
[White "Da Silva Borges, Rodrigo"]
[Black "Falbo, Sandro"]
[Result "0-1"]
[WhiteElo "2168"]
[BlackElo "2179"]
[PlyCount "70"]
[EventDate "2024.01.16"]
[EventType "swiss (blitz)"]
[EventRounds "11"]
[EventCountry "USA"]
[SourceTitle "CB04_2024"]
[SourceDate "2023.10.16"]
[SourceVersion "1"]
[SourceVersionDate "2023.10.16"]
[SourceQuality "1"]

1. d4 Nf6 2. Nc3 d5 3. Bf4 g6 4. e3 Bg7 5. h4 a6 6. h5 Nxh5 7. Rxh5 gxh5 8. Qxh5 e6 9. Nf3 Bf6 10. 0-0-0 c5 11. e4 cxd4 12. Nxd4 Nc6 13. Nxc6 bxc6 14. e5 Be7 15. Kb1 Rb8 16. Be3 Qa5 17. Ne2 c5 18. Nf4 d4 19. Bc1 Bd7 20. Bc4 Qb6 21. Ka1 h6 22. g4 Bg5 23. Nd3 Bxc1 24. Rxc1 Rf8 25. Qxh6 Bb5 26. Bxb5+ Qxb5 27. b3 c4 28. Nb2 c3 29. Nc4 Qb4 30. Nd6+ Kd7 31. Qg5 Qa3 32. Rb1 Rb6 33. Qf4 Rxd6 34. exd6 Qxd6 35. Rd1 Qxf4 0-1

[Event "Titled Tuesday intern op 16th Jan Early"]
[Site "Chess.com INT"]
[Date "2024.01.16"]
[Round "1"]
[White "Falbo, Sandro"]
[Black "Mkrtchyan, Mikayel"]
[Result "0-1"]
[WhiteElo "2179"]
[BlackElo "2071"]
[PlyCount "78"]
[EventDate "2024.01.16"]
[EventType "swiss (blitz)"]
[EventRounds "11"]
[EventCountry "USA"]
[SourceTitle "CB04_2024"]
[SourceDate "2023.10.16"]
[SourceVersion "1"]
[SourceVersionDate "2023.10.16"]
[SourceQuality "1"]

1. c4 c6 2. Nf3 d5 3. e3 Nf6 4. b3 g6 5. Bb2 Bg7 6. d4 0-0 7. Nbd2 Bg4 8. Be2 Nbd7 9. 0-0 Re8 10. h3 Bxf3 11. Nxf3 Ne4 12. Qc2 Rc8 13. Bd3 Nef6 14. Rfd1 e6 15. Ne5 Nxe5 16. dxe5 Nd7 17. f4 Qb6 18. Qf2 Nc5 19. Bd4 Nxd3 20. Rxd3 c5 21. Bb2 dxc4 22. Rc3 cxb3 23. Rxb3 Qc6 24. Rc1 b6 25. Qf1 Red8 26. Bc3 Qe4 27. Be1 c4 28. Rb4 Qxe3+ 29. Bf2 Qxf4 30. Rbxc4 Rxc4 31. Rxc4 Qxe5 32. Ra4 Qh5 33. Qa6 Qd1+ 34. Kh2 Be5+ 35. Bg3 Bxg3+ 36. Kxg3 Qd6+ 37. Kf3 Qd3+ 38. Qxd3 Rxd3+ 39. Ke2 Rd7 0-1

[Event "Titled Tuesday intern op 16th Jan Early"]
[Site "Chess.com INT"]
[Date "2024.01.16"]
[Round "6"]
[White "Tiarks, Jann Christian"]
[Black "Falbo, Sandro"]
[Result "1-0"]
[WhiteElo "2207"]
[BlackElo "2179"]
[PlyCount "93"]
[EventDate "2024.01.16"]
[EventType "swiss (blitz)"]
[EventRounds "11"]
[EventCountry "USA"]
[SourceTitle "CB04_2024"]
[SourceDate "2023.10.16"]
[SourceVersion "1"]
[SourceVersionDate "2023.10.16"]
[SourceQuality "1"]

1. e4 c5 2. d4 cxd4 3. c3 dxc3 4. Nxc3 Nc6 5. Bc4 d6 6. Nf3 a6 7. 0-0 Nf6 8. Qe2 Bg4 9. Rd1 e6 10. Bf4 Nh5 11. Bxd6 Bxd6 12. e5 Nxe5 13. Qxe5 Bxe5 14. Rxd8+ Rxd8 15. Nxe5 Nf6 16. Re1 0-0 17. h3 Bf5 18. Bb3 Rd2 19. g4 Bg6 20. h4 Bd3 21. g5 Nh5 22. Nxf7 Kxf7 23. Rxe6 Rd8 24. Re2+ Kf8 25. Rxd2 Ke7 26. Nd5+ Rxd5 27. Bxd5 Bb5 28. Bxb7 Nf4 29. Kh2 h6 30. Be4 hxg5 31. hxg5 Ne6 32. g6 Kf6 33. Rd6 Ke5 34. Rxe6+ Kxe6 35. Kg3 Kf6 36. Kf4 Bc4 37. a3 Bb3 38. Ke3 a5 39. Kd4 Bd1 40. Kc5 a4 41. Kb4 Ke5 42. Bc6 Bc2 43. Bxa4 Bxg6 44. Bc6 Kd4 45. a4 Bd3 46. a5 g5 47. Bb5 1-0

[Event "Titled Tuesday intern op 08th Aug Early"]
[Site "Chess.com INT"]
[Date "2023.08.08"]
[Round "4"]
[White "Falbo, Sandro"]
[Black "Kazakov, Mikhail"]
[Result "1-0"]
[WhiteElo "2179"]
[BlackElo "2513"]
[PlyCount "93"]
[EventDate "2023.08.08"]
[EventType "swiss (blitz)"]
[EventRounds "11"]
[EventCountry "USA"]
[SourceTitle "EXT 2024"]
[Source "ChessBase"]
[SourceDate "2023.10.10"]
[SourceVersion "1"]
[SourceVersionDate "2023.10.10"]
[SourceQuality "1"]

1. c4 Nf6 2. Nc3 e6 3. e4 d6 4. d4 Nc6 5. Be2 e5 6. d5 Nb8 7. Be3 Be7 8. h3 a5 9. Nf3 Na6 10. Nd2 b6 11. g4 Nd7 12. Nf1 Bg5 13. Qd2 Bxe3 14. Nxe3 Nac5 15. Nf5 0-0 16. 0-0-0 a4 17. g5 Re8 18. Rhg1 Nf8 19. Bd3 Bxf5 20. exf5 e4 21. Be2 Qe7 22. Nb5 a3 23. b4 Na6 24. Qc3 Qe5 25. Kc2 Qxf5 26. Rdf1 Ng6 27. Bg4 Qf4 28. Bd7 Re7 29. Bc6 Rb8 30. Kb3 Ne5 31. Nd4 Nf3 32. Nxf3 exf3 33. Re1 Re2 34. Rxe2 fxe2 35. Re1 Qxf2 36. Qd2 Rd8 37. Rxe2 Qg3+ 38. Re3 Qg1 39. Qe2 g6 40. Re8+ Rxe8 41. Qxe8+ Kg7 42. Qe2 Qxg5 43. Kxa3 Qg3+ 44. Ka4 Qc3 45. a3 Nb8 46. Bb5 h5 47. Qe8 1-0

[Event "Titled Tuesday intern op 08th Aug Early"]
[Site "Chess.com INT"]
[Date "2023.08.08"]
[Round "5"]
[White "Martin Barcelo, Carles"]
[Black "Falbo, Sandro"]
[Result "1-0"]
[WhiteElo "2227"]
[BlackElo "2179"]
[PlyCount "137"]
[EventDate "2023.08.08"]
[EventType "swiss (blitz)"]
[EventRounds "11"]
[EventCountry "USA"]
[SourceTitle "EXT 2024"]
[Source "ChessBase"]
[SourceDate "2023.10.10"]
[SourceVersion "1"]
[SourceVersionDate "2023.10.10"]
[SourceQuality "1"]

1. e4 c5 2. Nf3 Nc6 3. Nc3 e5 4. Bc4 Be7 5. 0-0 Nf6 6. d3 0-0 7. a3 d6 8. h3 Be6 9. Be3 Nd4 10. Nd5 Bxd5 11. Bxd5 Nxd5 12. exd5 Nf5 13. Nd2 Bg5 14. Bxg5 Qxg5 15. Ne4 Qe7 16. f4 exf4 17. Rxf4 Nd4 18. c3 f5 19. cxd4 fxe4 20. Rxe4 Qg5 21. dxc5 Qxd5 22. cxd6 Qxd6 23. Qb3+ Kh8 24. Qxb7 Qxd3 25. Rae1 h6 26. Rg4 Rg8 27. Kh1 Rab8 28. Qxa7 Rxb2 29. Qe3 Qc2 30. a4 Ra2 31. Qe4 Qf2 32. Qe3 Qc2 33. Qe4 Qf2 34. Rf4 Qd2 35. Ref1 Rb2 36. Rf8 Rb8 37. Rxg8+ Rxg8 38. Qf4 Qa5 39. Rd1 Ra8 40. Rd4 Qe1+ 41. Kh2 Qa5 42. Re4 Qd8 43. Re5 Qb8 44. Rf5 Qxf4+ 45. Rxf4 Ra5 46. Kg3 Kh7 47. h4 Kg6 48. Kf3 h5 49. Ke3 Re5+ 50. Kd3 Rd5+ 51. Kc3 Re5 52. Kd4 Ra5 53. Kc3 Re5 54. Rd4 Re3+ 55. Rd3 Re4 56. Rd4 Re3+ 57. Kb4 Rg3 58. a5 Rxg2 59. a6 Ra2 60. Kb5 Rb2+ 61. Kc6 Ra2 62. Kb7 Kf5 63. a7 Rxa7+ 64. Kxa7 g5 65. Rd5+ Kg4 66. hxg5 h4 67. g6 h3 68. g7 h2 69. Rd1 1-0

[Event "Titled Tuesday intern op 08th Aug Early"]
[Site "Chess.com INT"]
[Date "2023.08.08"]
[Round "6"]
[White "Novikov, Evgenij"]
[Black "Falbo, Sandro"]
[Result "1-0"]
[WhiteElo "2276"]
[BlackElo "2179"]
[PlyCount "111"]
[EventDate "2023.08.08"]
[EventType "swiss (blitz)"]
[EventRounds "11"]
[EventCountry "USA"]
[SourceTitle "EXT 2024"]
[Source "ChessBase"]
[SourceDate "2023.10.10"]
[SourceVersion "1"]
[SourceVersionDate "2023.10.10"]
[SourceQuality "1"]

1. e4 c5 2. Nf3 Nc6 3. b4 Nxb4 4. c3 Nc6 5. d4 d5 6. e5 Bf5 7. Be2 e6 8. 0-0 Nge7 9. Ba3 cxd4 10. cxd4 Ng6 11. Bxf8 Nxf8 12. Nc3 a6 13. Qb3 Rb8 14. Na4 Nd7 15. Rac1 0-0 16. Nc5 Nxc5 17. Rxc5 Na5 18. Qb4 b5 19. a4 Nc4 20. axb5 axb5 21. Rxb5 Rxb5 22. Qxb5 Qc7 23. Rc1 Rc8 24. Nd2 Rb8 25. Qa4 Qd8 26. Nxc4 dxc4 27. Qxc4 Be4 28. Rd1 g6 29. Qc3 Rc8 30. Qe3 Qd5 31. Bf3 Bxf3 32. Qxf3 Qxf3 33. gxf3 g5 34. Kg2 Rd8 35. Kg3 Kg7 36. f4 Kg6 37. Kf3 Kf5 38. fxg5 Kxg5 39. Ke4 Kg4 40. Rd3 h5 41. Rg3+ Kh4 42. Rf3 Rd7 43. h3 Kg5 44. Rg3+ Kh4 45. Rd3 Kg5 46. f4+ Kh4 47. f5 Kg5 48. f6 Kh4 49. d5 exd5+ 50. Rxd5 Ra7 51. Rd3 Ra4+ 52. Kf5 Ra5 53. Rd7 Kxh3 54. Rxf7 Kg3 55. Rg7+ Kf3 56. f7 1-0

[Event "Aosta op 12th"]
[Site "Saint Vincent"]
[Date "2004.02.11"]
[Round "5"]
[White "Klinova, Masha"]
[Black "Falbo, Sandro"]
[Result "1-0"]
[WhiteElo "2366"]
[BlackElo "2206"]
[PlyCount "125"]
[EventDate "2004.02.08"]
[EventType "swiss"]
[EventRounds "9"]
[EventCountry "ITA"]
[SourceTitle "CBM 098 Extra"]
[Source "ChessBase"]
[SourceDate "2004.03.10"]
[SourceVersion "2"]
[SourceVersionDate "2004.03.10"]
[SourceQuality "1"]

1. e4 e6 2. Nf3 d5 3. Nc3 Nf6 4. e5 Nfd7 5. d4 c5 6. dxc5 Nc6 7. Bf4 Bxc5 8. Bd3 f6 9. exf6 Nxf6 10. 0-0 0-0 11. Ne5 Bd7 12. Qe2 Bd4 13. Bg3 Nxe5 14. Bxe5 Bxe5 15. Qxe5 Qb6 16. h3 Rae8 17. a4 a6 18. a5 Qd8 19. Ne2 g6 20. f4 Qb8 21. Qxb8 Rxb8 22. Ra3 Kf7 23. Kh2 Ke7 24. Nd4 Kd6 25. Rb3 Bc6 26. Re1 Rfe8 27. Nf3 Nd7 28. Bf1 Nc5 29. Rbe3 Bb5 30. Bxb5 axb5 31. Ng5 b4 32. Nxh7 Ra8 33. Ng5 Rxa5 34. b3 Ra2 35. R1e2 b6 36. Nf7+ Kc7 37. Ne5 Rg8 38. g4 Kd6 39. Kg3 Ne4+ 40. Kf3 Nc5 41. Rd2 Rg7 42. Ree2 Ra1 43. Rd4 Na6 44. Nd3 b5 45. Ne5 Kc5 46. Rdd2 Rf1+ 47. Kg2 Ra1 48. Re3 Kd6 49. Nd3 Rf7 50. Rde2 Nc7 51. h4 Ra8 52. Kg3 Raf8 53. Re5 Rf6 54. h5 gxh5 55. Rxh5 Na6 56. g5 Rf5 57. Re5 R5f7 58. Rh4 Rc8 59. Rh6 Re7 60. Re2 Nc5 61. Nxc5 Rxc5 62. f5 Rc3+ 63. Kg4 1-0

[Event "Aosta op 12th"]
[Site "Saint Vincent"]
[Date "2004.02.09"]
[Round "2"]
[White "Falbo, Sandro"]
[Black "D'Amore, Carlo"]
[Result "1/2-1/2"]
[WhiteElo "2206"]
[BlackElo "2441"]
[PlyCount "70"]
[EventDate "2004.02.08"]
[EventType "swiss"]
[EventRounds "9"]
[EventCountry "ITA"]
[SourceTitle "CBM 098 Extra"]
[Source "ChessBase"]
[SourceDate "2004.03.10"]
[SourceVersion "2"]
[SourceVersionDate "2004.03.10"]
[SourceQuality "1"]

1. d4 Nf6 2. c4 c5 3. d5 b5 4. cxb5 a6 5. bxa6 g6 6. Nc3 Bxa6 7. e4 Bxf1 8. Kxf1 d6 9. g3 Nbd7 10. Nf3 Bg7 11. Kg2 0-0 12. Re1 Qb8 13. Re2 Ng4 14. Bf4 Ra6 15. Rc1 Qa8 16. Rcc2 Rb8 17. h3 Nge5 18. Nxe5 Nxe5 19. Bxe5 Bxe5 20. f4 Bxc3 21. bxc3 Rab6 22. Qd2 Qa4 23. f5 Rb1 24. fxg6 hxg6 25. Qg5 Rd1 26. Qxe7 Re8 27. Qxd6 Rxe4 28. Qxc5 Qe8 29. Qf2 Rxd5 30. Qf3 Rde5 31. Rxe4 Rxe4 32. Kf2 Rc4 33. Kg2 Re4 34. Kf2 Rc4 35. Kg2 Re4 1/2-1/2

[Event "NATO-ch 14th"]
[Site "Hoevelte"]
[Date "2003.09.10"]
[Round "4"]
[White "Zengin, Sedat"]
[Black "Falbo, Sandro"]
[Result "1/2-1/2"]
[WhiteElo "2108"]
[BlackElo "2208"]
[PlyCount "82"]
[EventDate "2003.09.08"]
[EventType "swiss"]
[EventRounds "7"]
[EventCountry "DEN"]
[SourceTitle "CBM 096 Extra"]
[Source "ChessBase"]
[SourceDate "2003.10.22"]
[SourceVersion "2"]
[SourceVersionDate "2003.10.20"]
[SourceQuality "1"]

1. e4 e5 2. Nf3 Nc6 3. Bb5 a6 4. Ba4 Nf6 5. 0-0 Be7 6. Qe2 b5 7. Bb3 d6 8. c3 Bg4 9. Rd1 0-0 10. d4 exd4 11. cxd4 d5 12. e5 Ne4 13. Nc3 Nxc3 14. bxc3 Na5 15. Bc2 Nc4 16. h3 Bh5 17. a4 Rb8 18. axb5 axb5 19. Ra6 Bg6 20. Bxg6 fxg6 21. Ne1 b4 22. cxb4 Rxb4 23. Nd3 Rb5 24. Nf4 Qd7 25. Qg4 Qxg4 26. hxg4 Rb1 27. Nxd5 Ba3 28. Rc6 Na5 29. Rc3 Nb3 30. Rxb3 Rxb3 31. Bxa3 Rxa3 32. Nxc7 Ra2 33. f3 Rc8 34. Nd5 Rcc2 35. Ne3 Re2 36. Rd3 Rad2 37. Rxd2 Rxd2 38. d5 Re2 39. Nc4 Rc2 40. Ne3 Re2 41. Nc4 Rc2 1/2-1/2

[Event "NATO-ch 13th"]
[Site "Brest"]
[Date "2002.10.??"]
[Round "1.13"]
[White "Nielsen, Niels Kristian"]
[Black "Falbo, Sandro"]
[Result "1/2-1/2"]
[WhiteElo "1953"]
[BlackElo "2210"]
[PlyCount "102"]
[EventDate "2002.10.07"]
[EventType "swiss"]
[EventRounds "7"]
[EventCountry "FRA"]
[SourceTitle "EXT 2003"]
[Source "ChessBase"]
[SourceDate "2002.11.25"]
[SourceVersion "1"]
[SourceVersionDate "2002.11.25"]
[SourceQuality "1"]

1. d4 Nf6 2. c4 g6 3. Nc3 Bg7 4. e4 d6 5. Nf3 0-0 6. Be2 e5 7. 0-0 Nc6 8. d5 Ne7 9. Ne1 Nd7 10. Be3 f5 11. f3 f4 12. Bf2 g5 13. b4 Rf6 14. a4 Rh6 15. c5 Nf6 16. cxd6 cxd6 17. a5 Qe8 18. g4 fxg3 19. Bxg3 Nh5 20. Bb5 Qf7 21. Ne2 a6 22. Bc4 Ng6 23. Nd3 Nhf4 24. Nf2 Nh4 25. Ra3 Nh3+ 26. Kh1 Rf6 27. Bxh4 gxh4 28. Ng1 Ng5 29. Nd3 Bd7 30. Qe2 Rc8 31. Rc3 Qh5 32. Rc2 h3 33. Bb3 Rff8 34. Rxc8 Rxc8 35. Rc1 Qe8 36. Rxc8 Qxc8 37. Qc2 Qxc2 38. Bxc2 Bf6 39. Ne1 Bd8 40. Ne2 Bb5 41. Nc3 Be8 42. Bd3 h5 43. Kg1 Kg7 44. Nd1 Bd7 45. Ne3 Nf7 46. N1c2 Bg5 47. Bf1 Kf6 48. Nc4 Ke7 49. Nb6 Be8 50. Bxh3 Kd8 51. Bf1 Bd2 1/2-1/2

[Event "Cesenatico op 7th"]
[Site "Cesenatico"]
[Date "2002.09.05"]
[Round "5"]
[White "Falbo, Sandro"]
[Black "Ivanov, Mikhail M"]
[Result "1/2-1/2"]
[WhiteElo "2208"]
[BlackElo "2489"]
[PlyCount "189"]
[EventDate "2002.09.02"]
[EventType "swiss"]
[EventRounds "9"]
[EventCountry "ITA"]
[SourceTitle "CBM 090 Extra"]
[Source "ChessBase"]
[SourceDate "2002.11.07"]
[SourceVersion "1"]
[SourceVersionDate "2002.11.07"]
[SourceQuality "1"]

1. c4 c5 2. Nf3 Nc6 3. g3 e5 4. Nc3 g6 5. Bg2 Bg7 6. 0-0 Nge7 7. Ne1 d6 8. Nc2 Be6 9. Ne3 0-0 10. Ned5 Qc7 11. d3 Bh3 12. Bh6 Bxg2 13. Kxg2 Nxd5 14. Nxd5 f5 15. Bxg7 Qxg7 16. e3 Rf7 17. Rb1 Raf8 18. f4 g5 19. Kh1 exf4 20. exf4 g4 21. b4 Nd4 22. Qe1 Nf3 23. Qe6 Nd2 24. Qxd6 cxb4 25. Qxb4 Nxf1 26. Rxf1 Re8 27. Re1 Qf8 28. Qc3 Rxe1+ 29. Qxe1 Qd6 30. Qe3 a6 31. a4 b5 32. axb5 axb5 33. Qe8+ Rf8 34. Qxb5 Rb8 35. Ne7+ Kf8 36. Nxf5 Rxb5 37. Nxd6 Rb1+ 38. Kg2 Rb2+ 39. Kg1 Rd2 40. Ne4 Rd1+ 41. Kg2 Kg7 42. Nf2 Rd2 43. Kf1 h5 44. Ke1 Ra2 45. Kf1 Kg6 46. h3 gxh3 47. Nxh3 Kf5 48. Nf2 h4 49. gxh4 Kxf4 50. Nd1 Kf3 51. Ke1 Re2+ 52. Kf1 Rd2 53. Ke1 Rxd3 54. h5 Rd4 55. Nb2 Ke3 56. h6 Rh4 57. Kd1 Rxh6 58. Kc2 Kd4 59. Kc1 Rh2 60. Nd1 Kxc4 61. Nb2+ Kb3 62. Nd3 Kc3 63. Ne1 Rd2 64. Nf3 Rd5 65. Ne1 Rd8 66. Nf3 Kd3 67. Ne1+ Ke2 68. Nc2 Rb8 69. Nd4+ Kd3 70. Nf3 Rf8 71. Ne1+ Ke2 72. Nc2 Rc8 73. Kb2 Kd2 74. Nb4 Ke3 75. Nc2+ Kd3 76. Nb4+ Kc4 77. Nc2 Re8 78. Na3+ Kd3 79. Kb3 Rb8+ 80. Ka4 Kc3 81. Nb5+ Kc4 82. Na3+ Kc5 83. Nc2 Rb1 84. Na3 Rb2 85. Ka5 Rb4 86. Nc2 Rh4 87. Na3 Rg4 88. Nc2 Rf4 89. Na3 Rh4 90. Nc2 Kc4 91. Na3+ Kb3 92. Nb5 Rh6 93. Nc7 Kc4 94. Na6 Rxa6+ 95. Kxa6 1/2-1/2

[Event "Cesenatico op 7th"]
[Site "Cesenatico"]
[Date "2002.09.05"]
[Round "6"]
[White "Mrdja, Milan"]
[Black "Falbo, Sandro"]
[Result "1-0"]
[WhiteElo "2370"]
[BlackElo "2208"]
[PlyCount "53"]
[EventDate "2002.09.02"]
[EventType "swiss"]
[EventRounds "9"]
[EventCountry "ITA"]
[SourceTitle "CBM 090 Extra"]
[Source "ChessBase"]
[SourceDate "2002.11.07"]
[SourceVersion "1"]
[SourceVersionDate "2002.11.07"]
[SourceQuality "1"]

1. e4 c6 2. d4 d5 3. Nc3 dxe4 4. Nxe4 Bf5 5. Ng3 Bg6 6. h4 h6 7. Nh3 e6 8. Nf4 Bh7 9. Bc4 Nf6 10. Ngh5 Nbd7 11. c3 Nxh5 12. Nxh5 Nf6 13. Bf4 Nxh5 14. Qxh5 Bd6 15. Be5 Bxe5 16. Qxe5 Qf6 17. Qe3 Qg6 18. 0-0 Qe4 19. Qg3 0-0 20. Rae1 Qg6 21. Qh2 Rfe8 22. f4 h5 23. Re5 Qc2 24. Rxh5 Qxb2 25. Qg3 Bf5 26. Rg5 g6 27. Rxf5 1-0

[Event "Salsomaggiore Terme op 5th"]
[Site "Salsomaggiore Terme"]
[Date "2001.05.??"]
[Round "6"]
[White "Falbo, Sandro"]
[Black "Anceschi, Vittorio"]
[Result "1-0"]
[WhiteElo "2166"]
[BlackElo "2285"]
[PlyCount "113"]
[EventDate "2001.05.??"]
[EventType "swiss"]
[EventRounds "6"]
[EventCountry "ITA"]
[SourceTitle "EXT 2024"]
[Source "ChessBase"]
[SourceDate "2023.10.10"]
[SourceVersion "1"]
[SourceVersionDate "2023.10.10"]
[SourceQuality "1"]

1. c4 Nf6 2. g3 g6 3. Bg2 Bg7 4. Nc3 d6 5. e4 e5 6. Nge2 Nc6 7. 0-0 0-0 8. h3 Be6 9. d3 Qd7 10. Kh2 a6 11. Be3 Rab8 12. Qd2 Ne8 13. Bh6 f5 14. Bxg7 Qxg7 15. f3 Nf6 16. b3 Nh5 17. Rad1 Nd4 18. Nxd4 exd4 19. Ne2 c5 20. f4 Rbe8 21. Rde1 Qc7 22. Ng1 Ng7 23. Nf3 fxe4 24. dxe4 Bd7 25. Re2 Bc6 26. Ne1 b5 27. Nd3 Re7 28. Rfe1 Rfe8 29. g4 bxc4 30. bxc4 Qb7 31. e5 Bxg2 32. Rxg2 Qc6 33. Rge2 d5 34. Qc2 Rc7 35. Rf2 Qe6 36. f5 gxf5 37. Nf4 Qh6 38. g5 Qxg5 39. Nxd5 Qd8 40. Nf6+ Kh8 41. Nxe8 Qxe8 42. e6 Re7 43. Rfe2 Qb8+ 44. Kh1 Qg3 45. Qd2 Nh5 46. Rg2 Qxh3+ 47. Kg1 Qc3 48. Qe2 Qe3+ 49. Qxe3 dxe3 50. Rxe3 Ng7 51. Re5 f4 52. Rxc5 Rxe6 53. Rc8+ Ne8 54. Kf2 h6 55. Kf3 Kh7 56. Kxf4 Re1 57. c5 1-0

[Event "Salsomaggiore Terme op 5th"]
[Site "Salsomaggiore Terme"]
[Date "2001.05.??"]
[Round "2"]
[White "Falbo, Sandro"]
[Black "Miatello, Alberto"]
[Result "1-0"]
[WhiteElo "2166"]
[BlackElo "1869"]
[PlyCount "75"]
[EventDate "2001.05.??"]
[EventType "swiss"]
[EventRounds "6"]
[EventCountry "ITA"]
[SourceTitle "EXT 2024"]
[Source "ChessBase"]
[SourceDate "2023.10.10"]
[SourceVersion "1"]
[SourceVersionDate "2023.10.10"]
[SourceQuality "1"]

1. Nf3 Nf6 2. c4 g6 3. g3 Bg7 4. Bg2 0-0 5. 0-0 d6 6. Nc3 e5 7. d3 c6 8. Rb1 Re8 9. e4 d5 10. cxd5 cxd5 11. Bg5 d4 12. Nd5 h6 13. Nxf6+ Bxf6 14. Bxh6 Bg4 15. h3 Be6 16. a3 Kh7 17. Qd2 Nc6 18. Bg5 Rh8 19. Bxf6 Qxf6 20. Ng5+ Kg7 21. f4 Rh6 22. f5 gxf5 23. exf5 Bd7 24. b4 Rh5 25. Ne4 Qh6 26. g4 Rxh3 27. Bxh3 Qxh3 28. Qg5+ Kf8 29. Rbd1 Ne7 30. Rf2 Qe3 31. Qh4 Ng8 32. Qg3 Nf6 33. Qxe5 Nxe4 34. dxe4 Qh3 35. Qxd4 Ba4 36. Qd6+ Ke8 37. Rd3 Qh4 38. f6 1-0

[Event "Salsomaggiore Terme op 5th"]
[Site "Salsomaggiore Terme"]
[Date "2001.05.??"]
[Round "5"]
[White "Giretti Kanev, Jasen"]
[Black "Falbo, Sandro"]
[Result "0-1"]
[WhiteElo "2190"]
[BlackElo "2166"]
[PlyCount "134"]
[EventDate "2001.05.??"]
[EventType "swiss"]
[EventRounds "6"]
[EventCountry "ITA"]
[SourceTitle "EXT 2024"]
[Source "ChessBase"]
[SourceDate "2023.10.10"]
[SourceVersion "1"]
[SourceVersionDate "2023.10.10"]
[SourceQuality "1"]

1. Nf3 Nf6 2. g3 g6 3. Bg2 Bg7 4. 0-0 0-0 5. d3 d5 6. Nbd2 Nc6 7. d4 Ne4 8. c4 Nxd2 9. Nxd2 dxc4 10. e3 e5 11. d5 Na5 12. Qa4 c6 13. b4 c3 14. Nb1 Nc4 15. dxc6 Nb6 16. Qc2 e4 17. Bxe4 bxc6 18. Bxc6 Bf5 19. e4 Bh3 20. Rd1 Qf6 21. b5 Rad8 22. Re1 Qf3 23. e5 Nd5 24. Qe4 Qxe4 25. Rxe4 Nb4 26. Nxc3 Nc2 27. Rb1 Bf5 28. Bg5 Rd3 29. Rb3 Nd4 30. Rxd4 Rxd4 31. Be3 Rd3 32. Bc5 Be6 33. Ra3 Bxe5 34. Bxf8 Kxf8 35. Rxa7 Rxc3 36. h4 Rc2 37. Ra8+ Ke7 38. a4 Bd4 39. a5 Bxf2+ 40. Kg2 Bg4 41. Be4 Rb2 42. Bd3 Bd4+ 43. Kf1 Bh3+ 44. Ke1 Bc3+ 45. Kd1 Rd2+ 46. Kc1 Rxd3 47. b6 Be5 48. b7 Rb3 49. a6 Bg2 50. Rg8 Bxb7 51. axb7 Rxb7 52. h5 Bxg3 53. Rh8 gxh5 54. Rxh7 h4 55. Kd2 Ke6 56. Ke3 Rb3+ 57. Ke2 f5 58. Rh6+ Ke5 59. Rh8 Kf4 60. Rc8 Rb2+ 61. Kd3 h3 62. Rc4+ Kg5 63. Rc1 h2 64. Ke3 Kg4 65. Rf1 Rg2 66. Rd1 Rg1 67. Rd4+ f4+ 0-1

[Event "Castellaneta op 4th"]
[Site "Castellaneta"]
[Date "2000.08.31"]
[Round "5"]
[White "Falbo, Sandro"]
[Black "Gueci, Riccardo"]
[Result "0-1"]
[WhiteElo "2078"]
[BlackElo "2169"]
[PlyCount "68"]
[EventDate "2000.08.??"]
[EventType "swiss"]
[EventRounds "6"]
[EventCountry "ITA"]
[SourceTitle "EXT 2005"]
[Source "ChessBase"]
[SourceDate "2004.11.15"]
[SourceVersion "1"]
[SourceVersionDate "2004.11.15"]
[SourceQuality "1"]

1. e4 c5 2. Nf3 Nc6 3. Bb5 g6 4. 0-0 Bg7 5. c3 Nf6 6. d4 cxd4 7. cxd4 d5 8. Ne5 Bd7 9. Nxd7 Qxd7 10. Nc3 0-0 11. Bg5 Nxe4 12. Nxe4 dxe4 13. d5 Qf5 14. dxc6 Qxb5 15. Bxe7 Rfe8 16. cxb7 Qxb7 17. Bg5 Qxb2 18. Qa4 Bd4 19. Rad1 Bb6 20. Rd7 Qe5 21. h4 Qf5 22. Be3 Qg4 23. Qc6 Qxh4 24. Bxb6 axb6 25. Qxb6 Qg4 26. Rfd1 e3 27. fxe3 Rxa2 28. Qb7 Qe2 29. Qd5 Qf2+ 30. Kh1 Ra4 31. Rd4 Rxd4 32. Qxd4 Qxe3 33. Qf6 Qe1+ 34. Kh2 Qe5+ 0-1

[Event "Castellaneta op 4th"]
[Site "Castellaneta"]
[Date "2000.08.29"]
[Round "2"]
[White "Verrascina, Nicola"]
[Black "Falbo, Sandro"]
[Result "0-1"]
[WhiteElo "2140"]
[BlackElo "2078"]
[PlyCount "48"]
[EventDate "2000.08.??"]
[EventType "swiss"]
[EventRounds "6"]
[EventCountry "ITA"]
[SourceTitle "EXT 2005"]
[Source "ChessBase"]
[SourceDate "2004.11.15"]
[SourceVersion "1"]
[SourceVersionDate "2004.11.15"]
[SourceQuality "1"]

1. e4 d6 2. d4 Nf6 3. Nc3 g6 4. Be3 c6 5. Qd2 b5 6. Bd3 Nbd7 7. d5 cxd5 8. Nxd5 a6 9. Qc3 Nxd5 10. Qxh8 Nxe3 11. fxe3 Nf6 12. Nf3 Qa5+ 13. Nd2 Be6 14. Rf1 0-0-0 15. Rxf6 Bh6 16. Qxh7 Bxe3 17. Rxf7 Qxd2+ 18. Kf1 Bxf7 19. Qxf7 Bd4 20. Re1 Qh6 21. Qe6+ Kb8 22. Ke2 Rf8 23. Kd1 Rf2 24. Be2 Bxb2 0-1

[Event "NATO-ch 10th"]
[Site "Stetten"]
[Date "1999.09.16"]
[Round "6.2"]
[White "Falbo, Sandro"]
[Black "Lipinsky, Fabian"]
[Result "0-1"]
[WhiteElo "2200"]
[BlackElo "2331"]
[PlyCount "72"]
[EventDate "1999.09.13"]
[EventType "swiss"]
[EventRounds "7"]
[EventCountry "GER"]
[SourceTitle "EXT 2008"]
[Source "ChessBase"]
[SourceDate "2007.11.25"]
[SourceVersion "1"]
[SourceVersionDate "2007.11.25"]
[SourceQuality "1"]

1. e4 c5 2. Nf3 d6 3. Bb5+ Nd7 4. d4 a6 5. Bxd7+ Bxd7 6. 0-0 cxd4 7. Nxd4 g6 8. c4 Bg7 9. Be3 Nf6 10. f3 0-0 11. Nc3 Rc8 12. Qe2 Qc7 13. Nd5 Nxd5 14. cxd5 Bxd4 15. Bxd4 Bb5 16. Qe3 Bxf1 17. Rxf1 Qa5 18. Qg5 Rc4 19. Bc3 f6 20. Qg4 Qc5+ 21. Kh1 b5 22. a3 a5 23. h4 b4 24. axb4 axb4 25. Bd2 Qc8 26. Qg3 Rc2 27. Bh6 Rd8 28. h5 Kf7 29. Qf4 g5 30. Qe3 Qc5 31. Qe1 Rc8 32. Qg3 Rc1 33. Rxc1 Qxc1+ 34. Kh2 Qf4 35. Qxf4 gxf4 36. Bxf4 Rc2 0-1

[Event "NATO-ch 10th"]
[Site "Stetten"]
[Date "1999.09.13"]
[Round "1.11"]
[White "Cerezo, Mike"]
[Black "Falbo, Sandro"]
[Result "0-1"]
[WhiteElo "1905"]
[BlackElo "2200"]
[PlyCount "100"]
[EventDate "1999.09.13"]
[EventType "swiss"]
[EventRounds "7"]
[EventCountry "GER"]
[SourceTitle "EXT 2008"]
[Source "ChessBase"]
[SourceDate "2007.11.25"]
[SourceVersion "1"]
[SourceVersionDate "2007.11.25"]
[SourceQuality "1"]

1. e4 c5 2. Nc3 Nc6 3. f4 g6 4. Nf3 Bg7 5. Bc4 e6 6. 0-0 Nge7 7. a3 d5 8. exd5 exd5 9. Ba2 0-0 10. Ne2 Bg4 11. c3 Qb6 12. Kh1 Rad8 13. Qe1 Rfe8 14. Qf2 Bf5 15. Ng3 Bd3 16. Re1 c4 17. Qxb6 axb6 18. Bb1 Bxb1 19. Rxb1 Na5 20. Kg1 Nec6 21. Rxe8+ Rxe8 22. Kf2 d4 23. Nf1 Nb3 24. d3 cxd3 25. Ng3 Nc5 26. b4 Ne4+ 27. Nxe4 Rxe4 28. cxd4 Nxd4 29. Be3 Nc2 30. Bxb6 Nxa3 31. Rd1 Nc4 32. Bc7 Nb2 33. Re1 Rxe1 34. Kxe1 Bc3+ 35. Kf1 d2 36. Nxd2 Bxd2 37. b5 f5 38. Ke2 Bc3 39. Kf3 Kf7 40. g4 Ke6 41. gxf5+ gxf5 42. Bb6 Kd5 43. Kg3 Bf6 44. Be3 Nc4 45. Bf2 Nd6 46. Kh3 Nxb5 47. Bh4 Ke6 48. Bxf6 Kxf6 49. Kh4 Kg6 50. h3 Nc7 0-1